Music Quiz

Random Music or Artist Quiz

Grammy Best New Artist Quiz Stats

 Plays Quiz Updated Feb 10, 2021

Support Sporcle.
Go Orange.
Score 0/61 Timer 10:00
0 Plays Today
Year Winner % Correct
2020Billie Eilish
63.5%
1965The Beatles
56%
2015Sam Smith
41.4%
2021Megan Thee Stallion
36.4%
2000Christina Aguilera
35.8%
2009Adele
32.3%
2003Norah Jones
32.2%
1991Mariah Carey
31.9%
2019Dua Lipa
30.8%
2007Carrie Underwood
27.8%
2008Amy Winehouse
25.3%
2016Meghan Trainor
25.3%
1966Tom Jones
25.1%
2002Alicia Keys
25.1%
2018Alessia Cara
24.3%
1980Rickie Lee Jones
24.3%
2017Chance the Rapper
24.1%
2014Macklemore & Ryan Lewis
23.6%
2013fun.
20.4%
2012Bon Iver
19.6%
1990Milli Vanilli
19.5%
2005Maroon 5
18.7%
1999Lauryn Hill
17.3%
1972Carly Simon
16.5%
1985Cyndi Lauper
15.3%
1995Sheryl Crow
14.9%
2006John Legend
13.2%
1981Christopher Cross
12.3%
1998Paula Cole
12.2%
1976Natalie Cole
12.1%
2010Zac Brown Band
11.8%
Year Winner % Correct
2004Evanescence
11.6%
1997LeAnn Rimes
10.8%
1996Hootie & the Blowfish
10.8%
1971The Carpenters
10.5%
1984Culture Club
9.8%
1989Tracy Chapman
9.5%
1983Men at Work
9.3%
1977Starland Vocal Band
9.1%
1961Bob Newhart
9.1%
1994Toni Braxton
9%
1960Bobby Darin
8.9%
1970Crosby, Stills & Nash
8.6%
1986Sade
8.3%
2011Esperanza Spalding
8.3%
1974Bette Midler
8.2%
1992Marc Cohn
7.8%
1993Arrested Development
7.8%
1978Debby Boone
7.7%
2001Shelby Lynne
7.7%
1973America
7.5%
1982Sheena Easton
7.1%
1979A Taste of Honey
6.9%
1987Bruce Hornsby & The Range
6.5%
1988Jody Watley
6.4%
1963Robert Goulet
6.1%
1962Peter Nero
5.7%
1969José Feliciano
5.5%
1968Bobbie Gentry
5.4%
1975Marvin Hamlisch
5.4%
1964The Swingle Singers
5.2%

From the Vault

Band or Solo Artist

by NO_r_WAY

Music 5m
What is a band but a bunch of solo artists working together anyway?
Remove Ads.
Support Sporcle.
Get the best of Sporcle when you Go Orange. This ad-free experience offers more features, more stats, and more fun while also helping to support Sporcle. Thank you for becoming a member.

Show Comments

Extras

Top Quizzes Today


Score Distribution

Your Account Isn't Verified!

In order to create a playlist on Sporcle, you need to verify the email address you used during registration. Go to your Sporcle Settings to finish the process.

Report this User

Report this user for behavior that violates our Community Guidelines.

Details: